Carregant...

Confronting global terrorism and American Neo-conservatism the framework of a liberal grand

Dades bibliogràfiques
Autor principal: Farer, Tom
Format: Printed Book
Idioma:English
Publicat: Oxford University press 2008
Matèries:
LEADER 00594nam a22001697a 4500
003 OSt
008 130720t xxu||||| |||| 00| 0 eng d
020 |a 9780169534739 
080 |a 343.326  |b FAR 
100 |a Farer, Tom  |9 20562 
245 |a Confronting global terrorism and American Neo-conservatism  |b the framework of a liberal grand 
260 |a Oxford  |b University press  |c 2008 
300 |a 257p. 
653 |a Terrorism  |a War  |a Human right 
942 |c BK  |6 _ 
999 |c 185555  |d 185555 
952 |0 0  |1 0  |4 0  |6 343326_FAR  |7 0  |8 GEN  |9 239269  |a SLS  |b SLS  |c GEN  |d 2009-03-06  |o 343.326 FAR  |p SLS026800  |r 2009-03-06  |w 2009-03-06  |y BK